000 00701nam a2200277Ia 4500
005 20260324115150.0
008 008 260324s9999 xx 000 0 eng d
020 _a9780429486302
037 _aEBOOK
040 _aCRL
040 _beng
040 _cCRL
041 _2eng
041 _aeng
084 _qCRL
100 _aJaimal Singh Khamba; Chandan Deep Singh
_91153608
245 0 _aManufacturing Competency and Strategic Success in the Automobile Industry
260 _bTaylor and Francis
260 _c2019
365 _a
365 _b355
856 _uhttp://www.taylorfrancis.com/books/9780429486302
942 _cEBOOK
999 _c1744290
_d1744290